| 000 | 00629nam a2200157 a 4500 | ||
|---|---|---|---|
| 001 | 000030405 | ||
| 005 | 20200930062309.0 | ||
| 008 | 110517s2008 dr a 000 0 spa d | ||
| 040 |
_aDO-SdBNP _bspa _cBNPHU |
||
| 110 | 1 |
_aRepública Dominicana _bCámara de Diputados de la República Dominicana _bBloque Partido de la Liberación Dominicana _957033 |
|
| 245 | 1 | 0 |
_aAnuario : _bGestión 2007-2008 / _cRamón Alejandro Montás Rondón. |
| 260 |
_aSanto Domingo : _bBloque Partido de la Liberación Dominicana, _c2008. |
||
| 300 |
_a84 p. : _bil. ; _c22 cm. |
||
| 700 | 1 |
_aMontás Rondón, Alejandro Ramón, _d1945- _957034 |
|
| 049 | _aBNPD | ||
| 999 |
_c29897 _d29897 |
||